Five Islands by Letter #1 - Statistics

General Stats
  • This quiz has been taken 393 times
  • The average score is 20 of 30
Answer Stats
Clue Island % Correct
Prison island in San Francisco Alcatraz
95%
Barbuda's counterpart Antigua
94%
Biggest in the Caribbean Cuba
94%
World's largest island Greenland
93%
Resortful Indonesian island Bali
90%
Haiti / Dominican Republic Hispaniola
88%
Biggest Japanese islands Honshu
87%
Rihanna was born in it Barbados
85%
Brunei makes only 1% of it Borneo
83%
Pacific island of the United States Guam
83%
New York City's immigrant island Ellis
81%
Northern Ireland is in a union with it Great Britain
81%
Canada's largest island Baffin
79%
The A in ABC Caribbean islands Aruba
78%
Home of the Minoan civilization Crete
78%
Able was Napoleon ere he saw it Elba
78%
Biggest Japanese islands Hokkaido
77%
Manama lies on it Bahrain
67%
Rapa Nui is its native name Easter
65%
"The Big Island" Hawaii
64%
The C in ABC Caribbean islands Curaçao
61%
Jetpunk's most controversial country? Cyprus
50%
Northernmost major island of Canada Ellesmere
48%
Biggest island under PRC rule Hainan
47%
Sweden's biggest island Gotland
46%
Northernmost of the Leeward Islands Anguilla
27%
Largest island of the Falklands East Falkland
21%
Biggest island of the Solomon Islands Guadalcanal
21%
Where Ferdinand Magellan died Cebu
19%
Largest island of Antarctica Alexander
9%
No matching quizzes found
Score Distribution
Percent of People with Each Score
Percentile by Number Answered
Your Score History
You have not taken this quiz